000
00207 a2200097 4500
001
43326
100
_a
Shakespeare
245
_a
Tragedy of Othello
260
_a
London
_b
Ginn & Co
_c
090
_c
27164
_d
27164
942
_a
NUST-CAE
_c
M
_c
19074
999
_c
278399
_d
278399